Glencoe earth science / (Record no. 17014)
[ view plain ]
| 000 -LEADER | |
|---|---|
| fixed length control field | 00619nam a2200217Ia 4500 |
| 020 ## - INTERNATIONAL STANDARD BOOK NUMBER | |
| ISBN | 0028278518 |
| 040 ## - CATALOGING SOURCE | |
| Transcribing agency | CTW |
| 082 ## - DEWEY DECIMAL CLASSIFICATION NUMBER | |
| Classification number | 551 GLE 1999 A106 Or. |
| 100 1# - MAIN ENTRY--AUTHOR NAME | |
| Personal name | Feather, Ralph M |
| 245 10 - TITLE STATEMENT | |
| Title | Glencoe earth science / |
| 246 3# - VARYING FORM OF TITLE | |
| Title proper/short title | Earth science |
| 250 ## - EDITION STATEMENT | |
| Edition statement | Teacher wraparound ed |
| 260 ## - PUBLICATION, DISTRIBUTION, ETC. (IMPRINT) | |
| Place of publication | New York, N.Y. : |
| Name of publisher | Glencoe, |
| Year of publication | c1999 |
| 300 ## - PHYSICAL DESCRIPTION | |
| Number of Pages | 62T, xxiv, 792 p. : |
| Other physical details | col. ill. ; |
| Dimensions | 29 cm |
| 500 ## - GENERAL NOTE | |
| General note | "With fully integrated technology."--Cover |
| 500 ## - GENERAL NOTE | |
| General note | Illustration on back lining papers |
| 650 #0 - SUBJECT ADDED ENTRY--TOPICAL TERM | |
| Topical Term | Earth sciences |
| 700 1# - ADDED ENTRY--PERSONAL NAME | |
| Personal name | Snyder, Susan Leach |
| 710 2# - ADDED ENTRY--CORPORATE NAME | |
| Corporate name or jurisdiction name as entry element | Glencoe/McGraw-Hill |
| 942 ## - ADDED ENTRY ELEMENTS (KOHA) | |
| Koha item type | សៀវភៅភាសាអង់គ្លេស |
| 952 ## - LOCATION AND ITEM INFORMATION (KOHA) | |
| Withdrawn status [LOCAL, KOHA] | 0 |
| Permanent Location | Date acquired | Koha item type | Lost status | Shelving location | Barcode | Current Location | Full call number |
|---|---|---|---|---|---|---|---|
| Library Block A | 2018-07-17 | សៀវភៅភាសាអង់គ្លេស | A106 | A18313 | Library Block A | 551 GLE 1999 A106 Or. |